Sinh hoạt văn hoá dân gian cổ truyền làng biển Cảnh Dương

Tổng quan về vị trí địa lý, điều kiện tự nhiên, lịch sử hình thành và phát triển của làng biển Cảng Dương; giới thiệu những hình thức sinh hoạt văn hoá dân gian cổ truyền làng biển Cảnh Dương; một số đề xuất giải pháp kế thừa và phát huy di sản văn hoá dân gian cổ truyền làng xã; các tư liệu văn hoá...

Full beskrivning

Sparad:
Bibliografiska uppgifter
Huvudupphovsman: Trần Hoàng
Materialtyp: Bok
Språk:Vietnamese
Publicerad: H. Văn hoá Thông tin 2010
Ämnen:
Taggar: Lägg till en tagg
Inga taggar, Lägg till första taggen!
Thư viện lưu trữ: Mạng thư viện Đại học Đà Nẵng
LEADER 01784aam a22003858a 4500
001 000007056
003 3217
005 20111014071047.0
008 110926s2010 viesd
020 |d 2000b 
041 0 |a vie 
082 1 4 |2 14  |a 398.20959745  |b TR-H 
100 1 |a Trần Hoàng 
245 1 0 |a Sinh hoạt văn hoá dân gian cổ truyền làng biển Cảnh Dương  |c Trần Hoàng 
260 |a H.  |b Văn hoá Thông tin  |c 2010 
300 |a 231tr.  |b bảng  |c 21cm 
500 |a ĐTTS ghi: Hội Văn nghệ dân gian Việt Nam 
504 |a Thư mục: tr. 229-230 
520 |a Tổng quan về vị trí địa lý, điều kiện tự nhiên, lịch sử hình thành và phát triển của làng biển Cảng Dương; giới thiệu những hình thức sinh hoạt văn hoá dân gian cổ truyền làng biển Cảnh Dương; một số đề xuất giải pháp kế thừa và phát huy di sản văn hoá dân gian cổ truyền làng xã; các tư liệu văn hoá, văn học dân gian cổ truyền làng biển Cảnh Dương 
650 7 |2 Bộ TK TVQG  |a Văn hoá dân gian 
650 7 |2 Bộ TK TVQG  |a Văn học dân gian 
651 7 |2 Bộ TK TVQG  |a Quảng Bình 
651 7 |2 Bộ TK TVQG  |a Quảng Trạch 
651 4 |a Cảnh Dương 
653 |a Sinh hoạt văn hoá 
OWN |a LSP 
AVA |a UDN50  |b LSP  |d 398.20959745 TR-H  |e available  |t Error 5001 Not defined in file expand_doc_bib_avail.  |f 1  |g 0  |h N  |i 0  |k 1 
999 |a From the UDN01 
AVA |a UDN50  |b LSP  |d 398.20959745 TR-H  |e available  |t Error 5001 Not defined in file expand_doc_bib_avail.  |f 1  |g 0  |h N  |i 0  |k 1 
TYP |a Monograph 
TYP |a Printed language 
980 |a Mạng thư viện Đại học Đà Nẵng